|
|
|
|
| LEADER |
01327nam a22002894a 4500 |
| 001 |
40381 |
| 003 |
BD-DhAAL |
| 005 |
20230111124522.0 |
| 008 |
230111t2001 dcua b i001 0 eng |
| 010 |
|
|
|a 00020985
|
| 020 |
|
|
|a 0195215923 (pbk. : alk. paper)
|
| 040 |
|
|
|a DLC
|c DLC
|d DLC
|d BD-DhAAL
|
| 042 |
|
|
|a pcc
|
| 082 |
0 |
0 |
|a 338.9
|2 21
|
| 245 |
0 |
0 |
|a Frontiers of development economics :
|b the future in perspective /
|c Gerald M. Meier, Joseph E. Stiglitz, editors.
|
| 260 |
|
|
|a Washington, D.C. :
|b World Bank ;
|a Oxford ;
|a New York :
|b Oxford University Press,
|c c2001.
|
| 300 |
|
|
|a x, 575 pages :
|b illustrations ;
|c 24 cm.
|
| 500 |
|
|
|a Revised papers and commentary from the symposium, "The Future of Development Economics," held in Dubrovnik in May 1999 and sponsored by the University of Zagreb and the World Bank.
|
| 504 |
|
|
|a Includes bibliographical references and index.
|
| 541 |
|
|
|a Donated by Akbar Ali Khan
|e 40381
|
| 650 |
|
0 |
|a Development economics.
|
| 700 |
1 |
|
|a Meier, Gerald M.
|
| 700 |
1 |
|
|a Stiglitz, Joseph E.
|
| 852 |
|
|
|a Ayesha Abed Library
|c Akbar Ali Collection
|
| 942 |
|
|
|2 ddc
|c BK
|
| 999 |
|
|
|c 45438
|d 45438
|
| 952 |
|
|
|0 0
|1 0
|2 ddc
|4 0
|6 338_900000000000000_FRO
|7 1
|9 72855
|a BRACUL
|b BRACUL
|c AAKC
|d 2023-01-11
|e Donated by Akbar Ali Khan
|g 4123.70
|l 0
|o 338.9 FRO
|p 3010040381
|r 2023-01-11
|t 1
|v 4123.70
|w 0000-00-00
|y BK
|